000 00549nam a2200193 i 4500
001 bgj
100 1 _aBAUM, Lyman Frank
_d(1856-1919)
245 1 0 _aThe Land of Oz :
_ba sequel to "The Wizard of Oz" /
_cL. Frank Baum.
260 _aNew York :
_bAirmont Publishing Company,
_cc. 1969.
300 _a160 pp :
_bill. ;
_c18 cm.
490 1 _aAn Airmont Classic
650 9 _aChildren's stories
650 9 _aFantasy
830 _aAn Airmont Classic
040 _cBPK
041 0 _aeng
942 _cKS
008 s uk f |000 0 eng
999 _c48863
_d48863